Perfect Illusion - Lady Gaga (All Lyrics) - Statistics

General Stats
  • This quiz has been taken 566 times
  • The average score is 186 of 233
Answer Stats
Answer % Correct
I
99%
illusion.
96%
illusion,
96%
perfect
96%
perfect.
96%
a
95%
a,
95%
it
95%
It
95%
was
93%
love,
91%
love.
91%
wasn't
89%
you
89%
You
89%
to
87%
the
86%
in
82%
for
79%
know
79%
just
77%
were
75%
me,
74%
want
74%
your
74%
at
73%
Mistaken
73%
mistaken
73%
now
72%
least
71%
be
69%
control,
69%
its
69%
Tryin'
69%
up
68%
up.
68%
show,
67%
alone,
66%
is
65%
middle
65%
zone,
65%
stuck
64%
see,
63%
but
61%
don't
59%
need
59%
so
59%
strong,
59%
Caught
58%
get
58%
i'm
58%
I'm
58%
my
58%
wrong.
58%
dream.
57%
that
57%
takin'
56%
too
56%
game
54%
like
53%
yeah,
53%
you're
53%
all
52%
eyes
52%
feel
52%
maybe
52%
Oh,
52%
touchin'
52%
confusion,
50%
confusion.
50%
high
50%
pressure's
49%
toll,
49%
what
48%
felt
46%
way
45%
crush,
44%
still
44%
guessin'
43%
wakin'
43%
means
42%
somewhere
42%
Somewhere
42%
real
41%
That's
41%
blow,
38%
amphetamine,
30%
over
30%
No matching quizzes found
Score Distribution
Percent of People with Each Score
Percentile by Number Answered
Your Score History
You have not taken this quiz